Отчет по обороне Одессы за период с 20 августа по 15 октября 1941 г., с приложением

RUSMARC
00004005cbm0a2200265#x 450
0016f1fc725-4d84-4e04-99f5-f983434d9a76
00520230413161121.0
100##$a20230410j19420921k###0rusy50 ca
1010#$arus
102##$aRU
1220#$ad19420921##
2001#$aОтчет по обороне Одессы за период с 20 августа по 15 октября 1941 г., с приложением
$j21 сентября 1942 г.
251##$cДокумент
300##$aПодлинник
461#0$12001
$aФ. 2133
$1251
$cФонд
$1852
$j2133
462#0$12001
$aОп. 38
$1251
$cОпись
$1852
$j38
605##$2prlib_sh
$3LIBNET\UAF\0000088514
$aВторая мировая война в архивных документах (Комплекс оцифрованных архивных документов, кино- и фотоматериалов)
$lколлекция
6061#$2nlr_sh
$3RU\NLR\AUTH\661398676
$aВеликая Отечественная война
$z1941 - 1945
$xПервый период
$jДокументы и материалы
607##$2nlr_sh
$3RU\NLR\AUTH\66181427
$aОдесса, город (Украина)
$xОборона
$z1941
$jДокументы и материалы
686##$a63.3(2)622,11ю11
$vLBC/M
$2rubbk
801#0$aRU
$bПБ им. Б.Н. Ельцина
$c20230410
801#1$aRU
$bПБ им. Б.Н. Ельцина
$c20230410
$2rusmarc
801#2$aRU
$bПБ им. Б.Н. Ельцина
$c20230413
$2rusmarc
850##$aЦентральный архив Министерства обороны Российской Федерации
852##$aЦА МО РФ
$jД. 23. Л. 1-133; Д. 25. Л. 3-5, 7, 16-18, 20, 32, 33
035##$aLIBNET\0001321858
937##$d184676473
$hФедеральное архивное агентство
8564#$uhttp://readingroom.main.prlib.ru/item.aspx?id_node=n184676473&mode=full
Формат отображения